Statistics for YOU THINK YOU KNOW Businesses A to Z? #01

Click here to take the quiz!

General Stats

  • This quiz has been taken 311 times
    (310 since last reset)
  • The average score is 12 of 26

Answer Stats

AlphabetHintAnswer% Correct
DWaltDisney
92%
GSearch itGoogle
90%
AMost valuable company in the worldApple
88%
IPhoto sharing site bought for $1BillionInstagram
83%
HJapanese Car makerHonda
80%
SWorld's largest mobile phone makerSamsung
79%
PYour buddy who helps you payPayPal
70%
VRichard BransonVirgin Group LLC
63%
OTimekeeper and a greek letterOmega
62%
CBig name in fashionChanel
57%
YMusical instruments and bikes tooYamaha
56%
XThey make copies for you(mainly)Xerox
51%
FWould be the 3rd largest CountryFacebook
41%
UMake Coffee and DoveUnilever
37%
QSponsors of Barcelona F.C.Qatar Airways
35%
KCandy CrushKing.com
33%
MSatya NadellaMicrosoft
30%
WBought by "F..." co. for $19 BillionWhatsapp
29%
BOracle of Omaha'sBerkshire Hathaway
22%
NStephen Elop is the CEO of :Nokia
22%
ZMaker of FarmvilleZynga
19%
ENote making "Elephant"Evernote
18%
RAmbani's own:Reliance
13%
TNikola __ ; Cars ; Elon MuskTesla Motors
11%
LRide "in" its bull(s)Lamborghini
9%
JSailfish OSJolla
3%

Score Distribution

Percentile by Number Answered

Percent of People with Each Score

Your Score History

You have not taken this quiz since the last reset